| 000 -LEADER |
| fixed length control field |
00306nam a2200109Ia 4500 |
| 008 - FIXED-LENGTH DATA ELEMENTS--GENERAL INFORMATION |
| fixed length control field |
200302s9999 xx 000 0 und d |
| 100 ## - MAIN ENTRY--PERSONAL NAME |
| Personal name |
Department of Environment |
| 245 ## - TITLE STATEMENT |
| Title |
The CO-Ordination of Underground Services A Case Study |
| 260 ## - PUBLICATION, DISTRIBUTION, ETC. |
| Name of publisher, distributor, etc. |
The National Building Agency |
| 260 ## - PUBLICATION, DISTRIBUTION, ETC. |
| Date of publication, distribution, etc. |
1970 |
| 300 ## - PHYSICAL DESCRIPTION |
| Extent |
12 P., |